000 01486cam a2200397 a 4500
001 3565958
003 OSt
005 20210417102853.0
008 980121s1998 nyua b 001 0 eng
010 _a 98122136
020 _a0070723710 (pbk.)
040 _aeng
_cDLC
_deng
041 _aeng
050 0 0 _aRB150.C6
_bC58 1998
080 _a616.8
_bY-70
082 0 0 _a616.8/49
_221
100 _9332
_aYoung, G. Bryan
245 0 0 _aComa and impaired consciousness :
_ba clinical perspective /
_ceditors, G. Bryan Young, Allan H. Ropper, Charles F. Bolton.
260 _aNew York :
_bMcGraw-Hill, Health Professions Division,
_cc1998.
300 _axiii, 665 p. :
_bill. ;
_c24 cm.
504 _aIncludes bibliographical references and index.
650 0 _aComa.
650 0 _aNeurology
_9100
650 0 _aLoss of consciousness.
653 _aნევროლოგია
653 _aცნობიერება
653 _aკომა
700 1 _aYoung, G. Bryan
_q(Gordon Bryan)
700 1 _aRopper, Allan H.
700 1 _aBolton, Charles Francis,
_d1932-
856 4 2 _3Publisher description
_uhttp://www.loc.gov/catdir/description/mh023/98122136.html
856 4 2 _3Contributor biographical information
_uhttp://www.loc.gov/catdir/enhancements/fy0739/98122136-b.html
906 _a7
_bcbc
_corignew
_d2
_encip
_f19
_gy-gencatlg
942 _2udc
_cBK
999 _c157
_d157